La Industria de los seguros /
A partir de un recorrido histórico y de la revisión del marco jurídico de los seguros en México, el autor destaca los efectos del proceso de desregulación y apertura por el que ha transitado desde finales del decenio de los ochenta este sector, los cuales han provocado un cambio en la estructura de...
Salvato in:
| Autore principale: | |
|---|---|
| Altri autori: | , |
| Natura: | testo |
| Soggetti: | |
| Tags: |
Aggiungi Tag
Nessun Tag, puoi essere il primo ad aggiungerne!!
|
MARC
| LEADER | 00000 a a2200000 04500 | ||
|---|---|---|---|
| 001 | 3614 | ||
| 003 | |||
| 040 | |||
| 100 | |a León Islas, Oscar | ||
| 245 | |a La Industria de los seguros / |c Oscar León Islas | ||
| 500 | |a Contenido: Situación actual y perspectivas de los seguros en México / Oscar León Islas. páginas 490-497.--- El seguro mundial: 2000-2004. páginas 498-502. --- La manera en que las reaseguradoreas crean valor y controlan riesgos / Patrizia Baur. páginas 503-506. --- A | ||
| 520 | |a A partir de un recorrido histórico y de la revisión del marco jurídico de los seguros en México, el autor destaca los efectos del proceso de desregulación y apertura por el que ha transitado desde finales del decenio de los ochenta este sector, los cuales han provocado un cambio en la estructura de mercado y su contribución economica | ||
| 650 | |a SEGUROS | ||
| 650 | |a COMPAÑIAS DE SEGUROS | ||
| 650 | |a LIBERALIZACION ECONOMICA | ||
| 650 | |a MERCADO | ||
| 650 | |a MEXICO | ||
| 700 | |a Baur, Patrizia | ||
| 700 | |a Breutel - O'Donoghue, Antoinette | ||
| 773 | |g volumen 56, número 6; páginas 490-508 | ||
| 999 | |c 22414 |d 22414 | ||
